Az Oroszországból származó működőtőke-befektetések Európára gyakorolt hatása, különös tekintettel Magyarországra

Bibliográfiai részletek
Szerző: Gecse Kirill
További közreműködők: Sáringer Dr. habil János
Weiner Csaba
Dokumentumtípus: Diplomadolgozat
Kulcsszavak:gazdaság
működőtőke-befektetések
Oroszország
szankciók
tőkeáramlás
Online Access:http://dolgozattar.uni-bge.hu/59104

MARC

LEADER 00000nta a2200000 i 4500
001 dolg59104
005 20251027142956.0
008 251027suuuu hu om 000 hun d
040 |a BGE Dolgozattár Repozitórium  |b hun 
041 |a hu 
100 1 |a Gecse Kirill 
245 1 3 |a Az Oroszországból származó működőtőke-befektetések Európára gyakorolt hatása, különös tekintettel Magyarországra  |c Gecse Kirill  |h [elektronikus dokumentum] 
520 3 |a A szakdolgozat az Oroszországból származó működőtőke-befektetések Európai Unióbeli és magyarországi jelenlétének, tendenciáinak és hatásainak vizsgálatára összpontosít. Különös tekintettel léve a történelmi, gazdasági és geopolitikai tényezőkre. A dolgozat bemutatja az orosz FDI komplexitását, a befogadó országokban tapasztalható bizalmatlanság történelmi hátterét, valamint a főbb célországokban megfigyelhető szektorális eloszlást. A dolgozat külön kitér Magyarországra, ahol az orosz működőtőke jelentős része a szolgáltatási ágazatban koncentrálódik. A kutatás során megállapításra került, hogy az orosz tőke alkalmazkodóképessége és geopolitikai háttere, ami miatt továbbra is fontos szereplője marad a globális befektetési térnek. 
695 |a gazdaság 
695 |a működőtőke-befektetések 
695 |a Oroszország 
695 |a szankciók 
695 |a tőkeáramlás 
700 1 |a Sáringer Dr. habil János  |e ths 
700 1 |a Weiner Csaba  |e ths 
856 4 0 |u http://dolgozattar.uni-bge.hu/59104/1/Gecse_Kirill_Szakdolgozat.pdf  |z Dokumentum-elérés 
856 4 0 |u http://dolgozattar.uni-bge.hu/59104/2/Gecse%20Kirill_b%C3%ADr%C3%A1lati%20lap.pdf  |z Dokumentum-elérés 
856 4 0 |u http://dolgozattar.uni-bge.hu/59104/3/gecse%20kirill_szakdolgozat_weiner%20csaba.pdf  |z Dokumentum-elérés